000 01118cam a22002297i 4500
999 _c7716
_d7716
003 OSt
005 20200513130213.0
008 151027t20152015gw a b 001 0 eng d
020 _a9783955532383
082 _a720.47
100 1 _aKhouli, Sebastian El,
_eauthor.
245 1 0 _aSustainable construction techniques :
_bfrom structural design to interior fit-out : assessing and improving the environmental impact of buildings /
_cSebastian El khouli, Viola John, Martin Zeumer.
300 _a151 pages :
_billustrations (some color) ;
_c30 cm
490 1 _aEdition DETAIL Green Books
504 _aIncludes bibliographical references and index.
505 0 _aSustainable construction techniques: current situation -- Environmental objectives, criteria and assessment methods -- Strategies for material use in the construction process -- Design phases and processes -- Environmental impacts of building components -- Cas studies -- Appendix.
650 0 _aSustainable construction.
700 1 _aJohn, Viola,
_eauthor.
700 1 _aZeumer, Martin,
_eauthor.
830 0 _aEdition Detail green books.
942 _2ddc